| 000 | 00818nam a2200217 a 4500 | ||
|---|---|---|---|
| 001 | 000830050 | ||
| 003 | AM-YeHGA | ||
| 005 | 20250617144713.0 | ||
| 008 | 110907s1982 r 000 0 rus d | ||
| 040 | _aAM-YeHGA | ||
| 041 | 0 | _arus | |
| 100 | 1 | _aВольф, Л.А. | |
| 245 | 1 | 0 |
_aПолимеризация капролактама : _b(Кинетика и механизм) / _cЛ.А. Вольф, Б.Ш. Хайтин ; МВ и ССО РСФСР. |
| 260 |
_aЛенинград : _bИзд-во ЛГУ, _c1982. |
||
| 300 |
_a88 с. : _bил. |
||
| 504 | _aБиблиогр. 143 назв. | ||
| 650 | 1 | 4 | _aПолиамиды |
| 700 | 1 | _aХайтин, Б.Ш. | |
| 710 | 2 | _aМинистерство высшего и среднего специального образования РСФСР | |
| 090 | _c300964 | ||
| 999 |
_c299268 _d299268 |
||